[Event "Mechanics' Spring TNM; 30/90, SD/30"]
[Site "San Francisco"]
[Date "2012.03.20"]
[Round "2.3"]
[White "Todortsev, Victor"]
[Black "Fuentes, Romulo"]
[Result "1/2-1/2"]
[WhiteElo "1967"]
[BlackElo "2205"]
[PlyCount "68"]
[EventDate "2012.??.??"]

1. d4 Nf6 2. c4 e6 3. Nc3 Bb4 4. Nf3 c5 5. e3 Bxc3+ 6. bxc3 b6 7. Bd3 Bb7 8.
O-O Be4 9. Bxe4 Nxe4 10. Ne5 O-O 11. f3 Nf6 12. e4 cxd4 13. cxd4 d6 14. Nd3 Qc7
15. Nb2 Nc6 16. Be3 Rac8 17. Rc1 e5 18. d5 Na5 19. Qe2 Qb7 20. Bd2 Qa6 21. Bg5
Kh8 22. f4 Ng8 23. fxe5 dxe5 24. Bd2 Nb7 25. Bb4 Nc5 26. Nd3 f6 27. Rc3 Rfd8
28. Bxc5 bxc5 29. Qf2 Nh6 30. Rfc1 Qa5 31. Rb3 Nf7 32. Rb5 Qa3 33. Rb3 Qa5 34.
Rb5 Qa3 1/2-1/2

[Event "Mechanics' Fall TNM; 30/90, SD/30"]
[Site "San Francisco"]
[Date "2012.10.23"]
[Round "2.2"]
[White "Todortsev, Victor"]
[Black "Fuentes, Romulo"]
[Result "0-1"]
[WhiteElo "1940"]
[BlackElo "2217"]
[PlyCount "87"]
[EventDate "2012.??.??"]

1. Nf3 c5 2. c4 Nc6 3. Nc3 g6 4. g3 Bg7 5. Bg2 d6 6. O-O e5 7. d3 Nge7 8. e4 h5
9. Nd5 Nxd5 10. cxd5 Ne7 11. b4 O-O 12. bxc5 dxc5 13. Be3 Qd6 14. Qc1 b6 15.
Bh6 Bg4 16. Re1 Bxf3 17. Bxf3 b5 18. Bxg7 Kxg7 19. a4 b4 20. Bd1 f5 21. Qg5
fxe4 22. dxe4 c4 23. Rc1 c3 24. Kg2 Qf6 25. Qe3 a5 26. Rf1 Nc8 27. f4 Nd6 28.
Bb3 Rf7 29. fxe5 Qxe5 30. Rxf7+ Nxf7 31. Qf4 Re8 32. Re1 Rc8 33. Re2 Re8 34. h4
Qd4 35. Qc7 Rf8 36. e5 c2 37. Bxc2 Qxd5+ 38. Kh2 b3 39. Bxb3 Qxb3 40. e6 Qxa4
41. exf7 Rxf7 42. Qe5+ Kh7 43. Qd5 Rd7 44. Qe6 {
Both players quit keeping score here. Black later won in mutual time pressure.}
0-1

[Event "Mechanics' Winter TNM; 30/90, SD/30"]
[Site "San Francisco"]
[Date "2012.02.21"]
[Round "8.6"]
[White "Todortsev, Victor"]
[Black "Gaffagan, Steven"]
[Result "0-1"]
[WhiteElo "1959"]
[BlackElo "2054"]
[PlyCount "99"]
[EventDate "2012.??.??"]

1. d4 Nf6 2. c4 e6 3. Nc3 Bb4 4. a3 Bxc3+ 5. bxc3 c5 6. e3 O-O 7. Nf3 Nc6 8.
Bd3 b6 9. e4 Ne8 10. O-O Ba6 11. e5 f6 12. Re1 Na5 13. Qe2 cxd4 14. cxd4 Rc8
15. Nd2 f5 16. a4 Qh4 17. Nf3 Qh5 18. Ba3 Rf7 19. Rac1 Bb7 20. d5 Nb3 21. Rcd1
Nc5 22. Bc2 Nc7 23. Bxc5 bxc5 24. Bb3 g5 25. h3 Rg7 26. Nh2 Qf7 27. Qf3 Ba8 28.
g4 f4 29. Nf1 h5 30. Nh2 Rh7 31. Kg2 Rb8 32. gxh5 exd5 33. cxd5 Rxb3 34. Qxb3
Bxd5+ 35. Rxd5 Qxd5+ 36. Qxd5+ Nxd5 37. Rc1 Kf7 38. Rxc5 Ke6 39. Nf3 Rxh5 40.
Ra5 Rh8 41. Rxa7 Rg8 42. Ra6+ Kf5 43. Rd6 Ke4 44. Rxd7 g4 45. Nd2+ Kxe5 46.
hxg4 Rxg4+ 47. Kf3 Rh4 48. a5 Ke6 49. Rb7 Rh3+ 50. Ke4 {White is better here
and was later winning but ending up blundering two pawns up in mutual time
pressure.} 0-1

[Event "Mechanics' Spring TNM; 30/90, SD/30"]
[Site "San Francisco"]
[Date "2012.04.24"]
[Round "7.15"]
[White "Todortsev, Victor"]
[Black "Graham, Ryan"]
[Result "1-0"]
[WhiteElo "1967"]
[BlackElo "1284"]
[PlyCount "109"]
[EventDate "2012.??.??"]

1. d4 Nf6 2. c4 e6 3. Nc3 Bb4 4. Qc2 O-O 5. e4 d5 6. cxd5 exd5 7. e5 Ne4 8. a3
Bxc3+ 9. bxc3 c5 10. Bd3 Bf5 11. Nf3 c4 12. Bxe4 Bxe4 13. Qb2 Nc6 14. O-O Na5
15. Bf4 Nb3 16. Rad1 Rc8 17. Nd2 Bd3 18. Rfe1 Rc6 19. Nxb3 Rb6 20. Qa2 cxb3 21.
Qb2 Bc2 22. Rd2 Rc6 23. Re3 Qc7 24. Bg3 Qa5 25. Bh4 Re8 26. h3 Ra6 27. Rxc2
bxc2 28. Qxc2 Qxa3 29. Qf5 Rae6 30. Kh2 b5 31. Qb1 Qa4 32. f4 f5 33. Qxf5 Qc4
34. Qg4 a5 35. f5 Rb6 36. f6 Qc7 37. Rg3 g6 38. Bg5 Qf7 39. Bd2 b4 40. cxb4
axb4 41. Rb3 Reb8 42. h4 h5 43. Qg5 Qh7 44. Bc1 Rc6 45. Bd2 Rc4 46. e6 Rxd4 47.
f7+ Kf8 48. Bf4 Rxf4 49. Qxf4 Rd8 50. Qc7 Ra8 51. Rxb4 Qh6 52. Rb8+ Rxb8 53.
Qxb8+ Ke7 54. Qe8+ Kd6 55. f8=Q+ 1-0

[Event "Mechanics' Winter TNM; 30/90, SD/30"]
[Site "San Francisco"]
[Date "2012.01.03"]
[Round "1.7"]
[White "Todortsev, Victor"]
[Black "James, Charles"]
[Result "1-0"]
[WhiteElo "1959"]
[BlackElo "1540"]
[Annotator "Donaldson"]
[PlyCount "79"]
[EventDate "2012.??.??"]

1. e4 e6 2. d4 d5 3. Nd2 dxe4 4. Nxe4 Bd7 5. Nf3 Bc6 6. Bd3 Nd7 7. O-O Be7 8.
Re1 Ngf6 9. Ng3 Bxf3 10. Qxf3 c6 11. c3 h6 12. a4 g5 13. a5 Qc7 14. a6 b6 15.
b4 g4 16. Qe2 h5 17. Nf5 Bf8 18. g3 O-O-O 19. Bf4 e5 20. Bg5 Re8 21. dxe5 Rxe5
22. Qc2 Nd5 23. Kg2 f6 24. Bd2 c5 25. Be4 Qc6 26. Kg1 cxb4 27. Bxd5 Rxd5 28.
Re8+ Kc7 29. Ne7 (29. Bf4+ Ne5 30. Ne3) 29... Bxe7 $1 30. Rxh8 Ne5 31. Bf4 Bd6
$2 (31... Qxc3 $11) 32. Rh7+ (32. Qh7+ Nd7 33. cxb4 Bxf4 34. gxf4) 32... Nd7
33. Bxd6+ Kxd6 34. c4 (34. Rc1) 34... Ne5 $1 35. Qe4 Qxc4 36. Qxc4 Nxc4 37.
Rxa7 b5 $2 (37... b3 $1) 38. Rb7 Kc6 39. a7 Kxb7 40. a8=Q+ 1-0

[Event "Mechanics' Summer TNM; 30/90, SD/30"]
[Site "San Francisco"]
[Date "2012.06.05"]
[Round "3.11"]
[White "Todortsev, Victor"]
[Black "MacIntyre, Brendan"]
[Result "1-0"]
[WhiteElo "1969"]
[BlackElo "1684"]
[PlyCount "63"]
[EventDate "2012.??.??"]

1. d4 d5 2. c4 e6 3. Nc3 Nf6 4. Nf3 Be7 5. e3 O-O 6. Bd3 c5 7. O-O Nc6 8. a3
cxd4 9. exd4 dxc4 10. Bxc4 b6 11. b4 Bb7 12. Bb2 Rc8 13. Qd3 Nd5 14. Nxd5 exd5
15. Bb3 Bf6 16. Ne5 Ne7 17. f4 Ng6 18. Rae1 Qc7 19. f5 Ne7 20. b5 Bxe5 21. dxe5
Qc5+ 22. Kh1 Qc7 23. a4 Qd8 24. Rf3 Rc4 25. Rg3 Re4 26. Rf1 Nxf5 27. Rxf5 d4
28. Rf1 Bd5 29. Bxd4 Rxd4 30. Qe3 Re4 31. Qh6 g6 32. Rh3 1-0

[Event "Mechanics' Winter TNM; 30/90, SD/30"]
[Site "San Francisco"]
[Date "2012.01.17"]
[Round "3.5"]
[White "Todortsev, Victor"]
[Black "MacIntyre, Brendan"]
[Result "1-0"]
[WhiteElo "1959"]
[BlackElo "1675"]
[PlyCount "48"]
[EventDate "2012.??.??"]

1. d4 d5 2. c4 e6 3. Nc3 Nf6 4. Nf3 Be7 5. e3 O-O 6. Bd3 b6 7. Ne5 Bb7 8. O-O
c5 9. cxd5 exd5 10. f4 Ne4 11. Qh5 Nd7 12. Nxe4 dxe4 13. Bc4 Nxe5 14. dxe5 g6
15. Qe2 a6 16. a4 Qc7 17. Bd2 Rad8 18. Bc3 Qc8 19. f5 Bg5 20. Rae1 Qc6 21. Qg4
Bh6 22. e6 Rd5 23. f6 Rg5 24. exf7+ Rxf7 {remainder illegible} 1-0

[Event "Mechanics' Fall TNM; 30/90, SD/30"]
[Site "San Francisco"]
[Date "2012.11.20"]
[Round "6.10"]
[White "Todortsev, Victor"]
[Black "Matchen, George"]
[Result "1-0"]
[WhiteElo "1940"]
[BlackElo "1584"]
[PlyCount "59"]
[EventDate "2012.??.??"]

1. Nf3 d5 2. c4 d4 3. d3 Nc6 4. g3 e5 5. Bg2 Be7 6. O-O Nf6 7. a3 (7. b4 $1)
7... a5 8. e3 O-O 9. exd4 exd4 10. Re1 Bd6 11. b3 Ng4 12. Nbd2 f5 13. Bb2 Qf6
14. h3 Nh6 15. Re2 Bd7 16. Qf1 Nf7 17. Rae1 Bc5 18. h4 Nd6 19. Ng5 h6 20. Bd5+
Kh8 21. Ne6 Bxe6 22. Rxe6 Qd8 23. Qe2 Ne8 24. Nf3 Nf6 25. Bxc6 bxc6 26. Ne5 Kh7
27. Nxc6 Qc8 28. b4 axb4 29. axb4 Bb6 30. c5 1-0

[Event "Mechanics' Mar TNM; 30/90, SD/30"]
[Site "San Francisco"]
[Date "2012.08.07"]
[Round "2.10"]
[White "Todortsev, Victor"]
[Black "Moore, Randolph"]
[Result "1-0"]
[WhiteElo "1950"]
[BlackElo "1647"]
[PlyCount "51"]
[EventDate "2012.??.??"]

1. e4 e5 2. Nf3 Bc5 3. Bc4 Nc6 4. d3 d6 5. Nc3 Nf6 6. Bg5 h6 7. Bh4 Bg4 8. h3
Bxf3 9. Qxf3 Nd4 10. Qd1 g5 11. Bg3 a6 12. a3 c6 13. O-O Ne6 14. Bxe6 fxe6 15.
Qe2 O-O 16. Nd1 Qe8 17. Ne3 Nh5 18. Kh2 Nf4 19. Qd1 b5 20. c3 Bb6 21. d4 Qg6
22. f3 Rad8 23. Rf2 exd4 24. cxd4 e5 25. Nf5 Ne6 26. Ne7+ 1-0

[Event "Mechanics' Summer TNM; 30/90, SD/30"]
[Site "San Francisco"]
[Date "2012.07.10"]
[Round "8.13"]
[White "Todortsev, Victor"]
[Black "Persidsky, Andre"]
[Result "1/2-1/2"]
[WhiteElo "1969"]
[BlackElo "1861"]
[PlyCount "82"]
[EventDate "2012.??.??"]

1. e4 d5 2. exd5 Qxd5 3. Nc3 Qa5 4. d4 c6 5. Nf3 Nf6 6. Bd3 Bg4 7. h3 Bh5 8.
O-O e6 9. Re1 Be7 10. Bf4 Nbd7 11. a3 O-O 12. b4 Qd8 13. g4 Bg6 14. Qe2 Nd5 15.
Nxd5 cxd5 16. c4 Bxd3 17. Qxd3 dxc4 18. Qxc4 Rc8 19. Qd3 Nb6 20. Rac1 Nd5 21.
Be5 Bf6 22. Qd2 Qe7 23. Kg2 b6 24. Kg3 Bxe5+ 25. Nxe5 f6 26. Nd3 Qd7 27. Nf4
Nxf4 28. Qxf4 Rfd8 29. Qe4 Rxc1 30. Rxc1 g6 31. Rc6 Kf7 32. f3 f5 33. Qc2 Qxd4
34. Rc7+ Kg8 35. Qc1 Qe5+ 36. Kg2 f4 37. Rc8 Qe2+ 38. Kg1 Rxc8 39. Qxc8+ Kf7
40. Qc7+ Ke8 41. Qxf4 Qe1+ 1/2-1/2

[Event "Mechanics' Fall TNM; 30/90, SD/30"]
[Site "San Francisco"]
[Date "2012.12.04"]
[Round "8.3"]
[White "Todortsev, Victor"]
[Black "Rumph, Todd"]
[Result "0-1"]
[WhiteElo "1940"]
[BlackElo "2188"]
[PlyCount "70"]
[EventDate "2012.??.??"]

1. d4 Nf6 2. c4 e6 3. Nc3 Bb4 4. Qc2 Nc6 5. Nf3 d6 6. a3 Bxc3+ 7. bxc3 O-O 8.
e4 e5 9. h3 exd4 10. cxd4 Nxe4 11. Bd3 f5 12. O-O Qf6 13. Bb2 Qg6 14. Rae1 Bd7
15. d5 Na5 16. Re3 Rae8 17. Nh4 Qh6 18. Bxe4 Rxe4 19. Rg3 Rf7 20. Nf3 Rfe7 21.
Nd4 b6 22. f3 Qe3+ 23. Qf2 Qxf2+ 24. Kxf2 R4e5 25. f4 Re4 26. Kg1 Nxc4 27. Bc3
Ne3 28. Re1 Nxd5 29. Rxe4 Rxe4 30. Bb2 Nxf4 31. Kh2 g6 32. a4 c5 33. Nb5 Bxb5
34. axb5 Rb4 35. Bc1 Ne2 0-1

[Event "Mechanics' Spring TNM; 30/90, SD/30"]
[Site "San Francisco"]
[Date "2012.04.10"]
[Round "5.9"]
[White "Todortsev, Victor"]
[Black "Thomas, Melvin"]
[Result "0-1"]
[WhiteElo "1967"]
[BlackElo "1774"]
[PlyCount "92"]
[EventDate "2012.??.??"]

1. d4 d5 2. c4 c6 3. Nc3 e6 4. e4 dxc4 5. Bxc4 b5 6. Bb3 Nf6 7. Bc2 Be7 8. Nf3
Nbd7 9. O-O O-O 10. e5 Nd5 11. Ne4 Re8 12. Nfg5 g6 13. Qf3 f5 14. exf6 N7xf6
15. Re1 Rf8 16. Qh3 h5 17. Nxe6 Qe8 18. Bh6 Rf7 19. N4g5 Nf4 20. Qh4 Nxe6 21.
Bxg6 Nxg5 22. Bxg5 Qf8 23. Bxf6 Rxf6 24. Qxh5 Qg7 25. Bc2 Bg4 26. Qe5 Re8 27.
Re3 Kf8 28. Rae1 Be6 29. Be4 Bxa2 30. Bxc6 Rxc6 31. Qxg7+ Kxg7 32. Rxe7+ Rxe7
33. Rxe7+ Kf6 34. Re1 Rc2 35. h4 Rxb2 36. Re5 a6 37. g4 Rd2 38. Rf5+ Kg7 39.
Kg2 Rxd4 40. Kg3 b4 41. Ra5 Bc4 42. Rc5 b3 43. Rc7+ Kf6 44. h5 b2 45. Rb7 Bb5
46. Rb6+ Ke7 0-1

[Event "Mechanics' Fall TNM; 30/90, SD/30"]
[Site "San Francisco"]
[Date "2012.12.04"]
[Round "8.8"]
[White "Traub, Igor"]
[Black "Chernobilskiy, Mikhail"]
[Result "1-0"]
[WhiteElo "2118"]
[BlackElo "1871"]
[PlyCount "29"]
[EventDate "2012.??.??"]

1. f4 d5 2. Nf3 Nf6 3. g3 c5 4. Bg2 Nc6 5. O-O e6 6. d3 Bd6 7. Nbd2 Ng4 8. Nb3
c4 9. dxc4 Qb6+ 10. Nbd4 Bc5 11. c3 e5 12. fxe5 Ngxe5 13. Nxe5 Bxd4+ 14. cxd4
Nxd4 15. Be3 1-0

[Event "Mechanics' Summer TNM; 30/90, SD/30"]
[Site "San Francisco"]
[Date "2012.06.19"]
[Round "5.7"]
[White "Traub, Igor"]
[Black "De Lenea, Digne"]
[Result "1-0"]
[WhiteElo "2135"]
[BlackElo "1875"]
[PlyCount "75"]
[EventDate "2012.??.??"]

1. e4 e6 2. f4 c5 3. Nf3 Nc6 4. c3 Nf6 5. Bd3 Qc7 6. g3 a6 7. e5 Nd5 8. Be4 Nb6
9. O-O d5 10. Bc2 Be7 11. d4 cxd4 12. cxd4 Nb4 13. Bb3 O-O 14. a3 Nc6 15. Qd3
f5 16. exf6 Rxf6 17. Bc2 g6 18. Nbd2 Bd7 19. Ne5 Nxd4 20. Nxd7 Nxd7 21. Bd1 Qb6
22. Kg2 e5 23. Nb3 Nc5 24. Nxc5 Qxc5 25. Be3 Qc4 26. Qxc4 dxc4 27. fxe5 Rxf1
28. Kxf1 Rf8+ 29. Kg2 Bc5 30. Bg4 Re8 31. Rd1 Nb3 32. Bf4 Bd4 33. Bd7 Re7 34.
e6 Bxb2 35. Bd6 Bf6 36. Rf1 c3 37. Rxf6 c2 38. Rf1 1-0

[Event "Mechanics' Winter TNM; 30/90, SD/30"]
[Site "San Francisco"]
[Date "2012.01.03"]
[Round "1.3"]
[White "Traub, Igor"]
[Black "Eytan, David"]
[Result "1-0"]
[WhiteElo "2126"]
[BlackElo "1608"]
[PlyCount "52"]
[EventDate "2012.??.??"]

1. Nf3 c5 2. d3 Nc6 3. e4 d6 4. c3 g6 5. g3 Bg7 6. Bg2 Nf6 7. O-O O-O 8. h3 b5
9. a4 b4 10. Re1 Rb8 11. d4 bxc3 12. bxc3 Nh5 13. Be3 Rb2 14. dxc5 Qa5 15. cxd6
Bxc3 16. Nxc3 Qxc3 17. Rc1 Qa3 18. d7 Bxd7 19. Qxd7 Nb8 20. Qxa7 Qa2 21. Qxe7
Nxg3 22. Bh6 Nd7 23. Ra1 Ne2+ 24. Kh1 Qe6 25. Qxe6 fxe6 26. Bxf8 Kxf8 1-0

[Event "Mechanics' Mar TNM; 30/90, SD/30"]
[Site "San Francisco"]
[Date "2012.09.18"]
[Round "8.2"]
[White "Traub, Igor"]
[Black "Fuentes, Romulo"]
[Result "0-1"]
[WhiteElo "2135"]
[BlackElo "2205"]
[PlyCount "56"]
[EventDate "2012.??.??"]

1. Nf3 c5 2. c4 Nf6 3. Nc3 Nc6 4. g3 d5 5. cxd5 Nxd5 6. Bg2 Nc7 7. O-O e5 8.
Qc2 Be7 9. d3 O-O 10. Ne4 Ne6 11. Be3 b6 12. a3 Bb7 13. Rac1 Kh8 14. h4 f5 15.
Neg5 Nxg5 16. Bxg5 Bxg5 17. Nxg5 Nd4 18. Qd1 Bxg2 19. Kxg2 h6 20. e3 Qd5+ 21.
Kh2 Nc6 22. Qh5 Kg8 23. Nf3 Rad8 24. Rfd1 Rd6 25. Nd2 Qe6 26. Nc4 Rd7 27. f4
Rfd8 28. Rf1 Rxd3 0-1

[Event "Mechanics' Fall TNM; 30/90, SD/30"]
[Site "San Francisco"]
[Date "2012.11.06"]
[Round "4.2"]
[White "Traub, Igor"]
[Black "Fuentes, Romulo"]
[Result "0-1"]
[WhiteElo "2118"]
[BlackElo "2217"]
[Annotator "Donaldson"]
[PlyCount "62"]
[EventDate "2012.??.??"]

1. e4 c5 2. Nc3 d6 3. f4 g6 4. Nf3 Bg7 5. Bb5+ Bd7 6. a4 e6 7. O-O Ne7 8. Bxd7+
Nxd7 9. d4 cxd4 10. Nxd4 a6 11. Be3 Nb6 $5 (11... O-O 12. f5 exf5 13. exf5 Be5)
12. f5 $1 exf5 $2 (12... Nc4 $142 13. Qe2 Nxe3 14. Qxe3 Qb6 15. f6 Bh6 16. Qxh6
Qxd4+ 17. Kh1 Nc6 {intending ...0-0-0 looks interesting as Black's control of
the e5 square compensates for White's space advantage.}) 13. exf5 Nbd5 14. Nxd5
Nxd5 15. Qf3 (15. Bf2 {was a promising alternative as} O-O 16. Qf3 {followed by
Rad1 is clearly better for White who has play on the kingside and against d6.
The text, if followed up correctly, is possibly even stronger.}) 15... Nxe3 16.
Qxe3+ (16. fxg6 $1 Qe7 {forced} 17. Nc6 $1 Qe6 18. Rae1 hxg6 19. Rxe3 Be5 20.
Nxe5 dxe5 21. Qxb7 O-O 22. b3 {This close to forced variation leaves White a
clear pawn up but Black does have some compensation in the form of pressuring
White's queenside pawns.}) 16... Be5 17. Nf3 O-O 18. Nxe5 dxe5 19. Qxe5 $6 (19.
Rad1 $1) 19... Qb6+ 20. Kh1 Rae8 21. Qc3 Rc8 22. Qh3 Rxc2 23. f6 Qc6 24. Ra3 $2
(24. b3 $142) (24. b4 $142) 24... Qxf6 $1 {Exploiting the weak back rank.} 25.
Qd3 Rd8 26. Rxf6 Rxd3 27. h4 Rxa3 28. bxa3 Rc4 29. g3 Rxa4 30. Rf3 h5 31. Kg2
Kg7 {Two pawns up Black eventually won, if not in very convincing fashion.
Both scoresheets are unreadable from this point on.} 0-1

[Event "Mechanics' Mar TNM; 30/90, SD/30"]
[Site "San Francisco"]
[Date "2012.08.28"]
[Round "5.9"]
[White "Traub, Igor"]
[Black "Ganesh, Vikram"]
[Result "1/2-1/2"]
[WhiteElo "2135"]
[BlackElo "1880"]
[PlyCount "72"]
[EventDate "2012.??.??"]

1. c4 Nf6 2. Nf3 c5 3. g3 d5 4. Bg2 Nc6 5. O-O e5 6. cxd5 Nxd5 7. Qb3 Nc7 8. d3
Be7 9. Nc3 Bd7 10. h4 Rb8 11. Be3 Be6 12. Qd1 O-O 13. Rc1 b6 14. Ng5 Bxg5 15.
Bxg5 Qd7 16. Kh2 f6 17. Bd2 Nd4 18. f4 Bg4 19. Qe1 Ncb5 20. e3 Nxc3 21. Rxc3
Nb5 22. Rc1 Qxd3 23. Rf2 Nd6 24. e4 Qa6 25. Bc3 Rfe8 26. Qd2 Nf7 27. Bf1 Qb7
28. Re1 Rbd8 29. Qc2 Bd7 30. Bc4 Be6 31. Bb5 Bd7 32. Bc4 Be6 33. Bb5 Re7 34. h5
a6 35. Be2 Bd7 36. Rd1 a5 1/2-1/2

[Event "Mechanics' Mar TNM; 30/90, SD/30"]
[Site "San Francisco"]
[Date "2012.09.11"]
[Round "7.4"]
[White "Traub, Igor"]
[Black "Grey, Peter"]
[Result "1-0"]
[WhiteElo "2135"]
[BlackElo "2014"]
[PlyCount "99"]
[EventDate "2012.??.??"]

1. c4 Nf6 2. Nc3 c5 3. g3 d5 4. cxd5 Nxd5 5. Bg2 Nc7 6. d3 e5 7. Nf3 Nc6 8. O-O
Be7 9. Bd2 O-O 10. Rc1 Bf5 11. h3 Qd7 12. Kh2 Ne6 13. e4 Bg6 14. Nd5 Nc7 15.
Nxe7+ Qxe7 16. Be3 Ne6 17. Nxe5 Nxe5 18. f4 f6 19. fxe5 fxe5 20. Qb3 Kh8 21.
Qd5 Rxf1 22. Bxf1 Rd8 23. Qxe5 b6 24. Be2 Qd6 25. Qxd6 Rxd6 26. b4 cxb4 27.
Rc8+ Rd8 28. Rc4 Nc5 29. Bxc5 bxc5 30. Rxc5 h6 31. Rb5 Bxe4 32. dxe4 Rd2 33.
Kg2 Rxe2+ 34. Kf3 Rxa2 35. Rxb4 a5 36. Rb8+ Kh7 37. h4 h5 38. Kf4 a4 39. Ra8
Kh6 40. Kf5 Rf2+ 41. Ke5 Rf3 42. Rxa4 Rxg3 43. Ra6+ g6 44. Kf6 Rf3+ 45. Ke7 Rf4
46. e5 Rxh4 47. Kf7 Rf4+ 48. Rf6 Ra4 49. Rxg6+ Kh7 50. e6 1-0

[Event "Mechanics' Summer TNM; 30/90, SD/30"]
[Site "San Francisco"]
[Date "2012.05.29"]
[Round "2.4"]
[White "Traub, Igor"]
[Black "Morton, Adam"]
[Result "1-0"]
[WhiteElo "2135"]
[BlackElo "1878"]
[PlyCount "85"]
[EventDate "2012.??.??"]

1. Nf3 Nf6 2. g3 g6 3. d3 Bg7 4. e4 c5 5. Bg2 Nc6 6. O-O d6 7. a4 Rb8 8. Na3 a6
9. Bg5 h6 10. Bd2 O-O 11. Nc4 b5 12. axb5 axb5 13. Ne3 Ng4 14. Ra2 Nxe3 15.
fxe3 Be6 16. b3 Qb6 17. Qe1 b4 18. h4 Ne5 19. Nh2 Kh7 20. Kh1 Nxd3 21. cxd3
Bxb3 22. Ra1 Bxa1 23. Qxa1 e5 24. Rf6 Kg7 25. Ng4 Qd8 26. Rf2 Be6 27. Nf6 Ra8
28. Qb1 Ra2 29. Nd5 Qa5 30. Kh2 Ra1 31. Qc2 Qa2 32. Nxb4 cxb4 33. Bxb4 Qa6 34.
Qc7 Ra2 35. Rxa2 Bxa2 36. Bxd6 Rc8 37. Bxe5+ Kg8 38. Qe7 Qe6 39. Qb7 Rc2 40.
Qb8+ Rc8 41. Qb2 Kh7 42. Bh3 f5 43. Qb7+ 1-0

[Event "Mechanics' Fall TNM; 30/90, SD/30"]
[Site "San Francisco"]
[Date "2012.10.23"]
[Round "2.5"]
[White "Traub, Igor"]
[Black "Morton, Adam"]
[Result "1-0"]
[WhiteElo "2118"]
[BlackElo "1894"]
[PlyCount "42"]
[EventDate "2012.??.??"]

1. d4 d5 2. c4 c6 3. Nc3 Nf6 4. Nf3 e6 5. e3 Nbd7 6. Bd3 dxc4 7. Bxc4 b5 8. Bd3
a6 9. e4 c5 10. d5 b4 11. dxe6 fxe6 12. Ne2 Qc7 13. O-O Bd6 14. Bg5 O-O 15. a3
Ng4 16. axb4 Bxh2+ 17. Kh1 Rxf3 18. gxf3 Bg1 19. Bf4 e5 20. Qb3+ Kh8 21. Qf7
Ngf6 {with Bh6 to follow.} 1-0

[Event "Mechanics' Mar TNM; 30/90, SD/30"]
[Site "San Francisco"]
[Date "2012.08.14"]
[Round "3.23"]
[White "Traub, Igor"]
[Black "Rakonitz, David"]
[Result "1-0"]
[WhiteElo "2135"]
[BlackElo "1495"]
[PlyCount "89"]
[EventDate "2012.??.??"]

1. Nf3 Nf6 2. g3 b6 3. d3 Bb7 4. e4 d6 5. Bg2 e6 6. O-O Be7 7. a4 O-O 8. b4 a6
9. Bb2 Nbd7 10. a5 c5 11. bxc5 Nxc5 12. axb6 Qxb6 13. Bc3 a5 14. Nbd2 d5 15.
exd5 Bxd5 16. Qe2 Qd8 17. Rfb1 Qd7 18. Ne5 Qc7 19. Ndc4 Nb7 20. Ra4 Bxg2 21.
Kxg2 Nd5 22. Bd2 Bf6 23. Ng4 Bc3 24. Ra3 Bb4 25. Bxb4 Nxb4 26. c3 Nd5 27. Nce3
Nxe3+ 28. fxe3 Ra6 29. d4 Rfa8 30. Ne5 f6 31. Qc4 Qxc4 32. Nxc4 Nd6 33. Nxd6
Rxd6 34. c4 Ra7 35. Kf3 Kf7 36. c5 Rda6 37. Ra4 Ke7 38. Ke4 Kd7 39. Kd3 Kc6 40.
Kc4 Ra8 41. e4 Kc7 42. d5 Kd7 43. Rb7+ Kc8 44. Rxg7 exd5+ 45. exd5 1-0

[Event "Mechanics' Summer TNM; 30/90, SD/30"]
[Site "San Francisco"]
[Date "2012.06.12"]
[Round "4.7"]
[White "Traub, Igor"]
[Black "Royzen, Igor"]
[Result "1/2-1/2"]
[WhiteElo "2135"]
[BlackElo "1851"]
[Annotator "Donaldson"]
[PlyCount "101"]
[EventDate "2012.??.??"]

1. e4 c5 2. d3 Nc6 3. g3 g6 4. Bg2 Bg7 5. Nf3 Nf6 6. h3 d6 7. O-O O-O 8. Nc3
Rb8 9. a4 a6 10. d4 cxd4 11. Nxd4 Nxe4 12. Nxc6 Nxc3 13. Nxe7+ Qxe7 14. bxc3
Bxc3 15. Ra3 Qc7 16. Bf4 Be5 17. Bh6 Re8 18. Kh2 Qc5 19. Re3 Bf5 20. Rfe1 Bxc2
21. Qe2 Bxa4 22. f4 Bb5 23. Qa2 Bf6 24. Rxe8+ Rxe8 25. Rxe8+ Bxe8 26. Bxb7 Bc6
27. Qe2 Qd5 28. Bxc6 Qxc6 29. g4 Bg7 30. Bg5 h6 31. Bd8 d5 32. Ba5 Qb5 33. Qe1
d4 34. h4 d3 35. Bd2 Qd5 36. Kg3 Bd4 37. Qe8+ Kg7 38. Qa4 Qe4 39. Qxa6 Qe2 40.
Qa5 Qf2+ 41. Kh3 Qf1+ 42. Kg3 Bg1 (42... Bf2+ {
was easy win but Black had very little time.}) 43. Be1 Qe2 44. Qc3+ Kh7 45. Qd2
Qe4 46. Bf2 Bxf2+ 47. Kxf2 Qd4+ 48. Kf3 Qd5+ 49. Ke3 Qe6+ 50. Kf3 Qd5+ 51. Ke3
1/2-1/2

[Event "Mechanics' Fall TNM; 30/90, SD/30"]
[Site "San Francisco"]
[Date "2012.11.20"]
[Round "6.7"]
[White "Traub, Igor"]
[Black "Steigum, Erling"]
[Result "1-0"]
[WhiteElo "2118"]
[BlackElo "1988"]
[Annotator "Donaldson"]
[PlyCount "49"]
[EventDate "2012.??.??"]

1. e4 c5 2. d3 Nc6 3. Nf3 e6 4. g3 d5 5. Nbd2 g6 6. Bg2 Bg7 7. c3 Nge7 8. h4 h6
9. O-O O-O 10. Re1 b6 11. h5 Bb7 12. hxg6 Nxg6 13. exd5 exd5 14. Nf1 Qd7 15.
Qa4 Qf5 16. Nh4 Nxh4 17. Qxh4 Ne5 18. Bxh6 Bxh6 19. Qxh6 Nxd3 20. Re7 Qxf2+ 21.
Kh2 Rab8 $4 (21... Rfe8 22. Rxb7 Ne1) 22. Ne3 $18 d4 23. Rf1 dxe3 24. Rxf2 exf2
25. Be4 1-0

[Event "Mechanics' Winter TNM; 30/90, SD/30"]
[Site "San Francisco"]
[Date "2012.02.14"]
[Round "7.4"]
[White "Traub, Igor"]
[Black "Todortsev, Victor"]
[Result "1-0"]
[WhiteElo "2126"]
[BlackElo "1959"]
[PlyCount "119"]
[EventDate "2012.??.??"]

1. Nf3 f5 2. g3 Nf6 3. Bg2 Nc6 4. d4 e6 5. O-O Be7 6. c4 d5 7. b3 O-O 8. Bg5
Ne4 9. Bxe7 Qxe7 10. Qc1 Qf6 11. e3 Bd7 12. Nc3 Nxc3 13. Qxc3 Ne7 14. Ne5 Be8
15. cxd5 exd5 16. Qxc7 Bc6 17. Nd7 Qe6 18. Nxf8 Rxf8 19. a4 Rc8 20. Qa5 a6 21.
Rac1 Rf8 22. b4 Qd7 23. b5 axb5 24. axb5 Bxb5 25. Rc7 Qd8 26. Qxb5 Qxc7 27. Rb1
Rd8 28. Qxb7 Rd7 29. Qa8+ Kf7 30. h4 Rd8 31. Qa3 Rc8 32. Bf3 g6 33. Kg2 Qc6 34.
Qa5 Ra8 35. Qd2 Qc4 36. Rb4 Ra2 37. Rb2 Ra1 38. Be2 Qc6 39. Rc2 Qb6 40. Rb2 Qc6
41. Rb5 Qc1 42. Qxc1 Rxc1 43. Bf3 Ke6 44. Rb8 h5 45. Re8 Kd7 46. Rb8 Ke6 47.
Rb6+ Nc6 48. Be2 Kf7 49. Bb5 Ne7 50. Bd7 Ra1 51. Be6+ Kg7 52. Rb5 Kf6 53. Bxd5
Nxd5 54. Rxd5 Ke6 55. Re5+ Kd6 56. Re8 Ra6 57. Kf3 Kd5 58. Kf4 Ra2 59. f3 Rg2
60. Rg8 1-0

[Event "Mechanics' Winter TNM; 30/90, SD/30"]
[Site "San Francisco"]
[Date "2012.01.24"]
[Round "4.1"]
[White "Traub, Igor"]
[Black "Wong, Russell"]
[Result "0-1"]
[WhiteElo "2126"]
[BlackElo "2200"]
[PlyCount "92"]
[EventDate "2012.??.??"]

1. Nf3 d5 2. g3 Nf6 3. Bg2 e6 4. O-O Bd6 5. d3 Nbd7 6. Nbd2 c6 7. e4 O-O 8. Qe2
Qc7 9. Nh4 dxe4 10. dxe4 Bc5 11. a4 a5 12. Kh1 e5 13. Nf5 Re8 14. Nb3 Bf8 15.
Bg5 h6 16. Be3 Kh7 17. g4 g6 18. Ng3 Bg7 19. h3 Nf8 20. f4 Ne6 21. g5 Ng8 22.
f5 Nf4 23. Qg4 hxg5 24. Qxg5 Bh6 25. Qh4 Qe7 26. fxg6+ fxg6 27. Qxe7+ Rxe7 28.
Bc5 Rg7 29. Bf8 Rf7 30. Bd6 Bg7 31. Rf2 Be6 32. Nc5 Bc4 33. b3 Nxg2 34. Kxg2
Rxf2+ 35. Kxf2 Bf8 36. Nxb7 Ba6 37. Bxf8 Rxf8+ 38. Ke3 Bxb7 39. Rd1 Rf7 40. Rd6
Kg7 41. h4 Rf6 42. Rd2 Rf4 43. Rd6 Nf6 44. Re6 Ng4+ 45. Kd2 Rf2+ 46. Ke1 Rf3
0-1